| 000 | 01315cam a22003735a 4500 | ||
|---|---|---|---|
| 001 | 14205698 | ||
| 003 | OSt | ||
| 005 | 20160901151616.0 | ||
| 008 | 051220r20051997nyu c 000 1 eng | ||
| 010 | _a 2005285142 | ||
| 020 | _a0440414539 | ||
| 040 |
_aDLC _cDLC _dDLC |
||
| 042 | _alcac | ||
| 043 | _an-us--- | ||
| 050 | 0 | 0 |
_aPZ 7 _b.G456 1999 |
| 082 | 0 | 0 |
_aKF _bG36l 1997 |
| 100 | 1 |
_aGiff, Patricia Reilly. _94643 |
|
| 245 | 1 | 0 |
_aLily's crossing / _cPatricia Reilly Giff. |
| 260 |
_aNew York : _bBantam Double Day Dell Books, _c1999. |
||
| 300 |
_a180 p. ; _c20 cm. |
||
| 562 | _efor circulation. 1 copy available in the collection | ||
| 586 | _aNewbery Honor Book, 1998. | ||
| 650 | 0 |
_aWorld War, 1939-1945 _zUnited States _vJuvenile fiction. _95767 |
|
| 650 | 1 |
_aWorld War, 1939-1945 _zUnited States _vFiction. _95768 |
|
| 650 | 1 |
_aFriendship _vFiction. _95769 |
|
| 650 | 1 |
_aRefugees _vFiction. _95770 |
|
| 650 | 1 |
_aBeaches _vFiction. _95771 |
|
| 856 | 4 | 2 |
_3Publisher description _uhttp://www.loc.gov/catdir/enhancements/fy0627/2005285142-d.html |
| 856 | 4 | 1 |
_3Sample text _uhttp://www.loc.gov/catdir/enhancements/fy0627/2005285142-s.html |
| 906 |
_a7 _bcbc _corigcop _d2 _encip _f20 _gy-gencatlg |
||
| 942 |
_2lcc _cBK |
||
| 999 |
_c990 _d990 |
||